Normal view
MARC view
- Mahfooz,Maryam
Entry Personal Name
001 - CONTROL NUMBER
- control field: 4961
003 - CONTROL NUMBER IDENTIFIER
- control field: NUST
005 - DATE AND TIME OF LATEST TRANSACTION
- control field: 20170925121457.0
008 - FIXED-LENGTH DATA ELEMENTS
- fixed length control field: 170925|| aca||aabn | a|a d
040 ## - CATALOGING SOURCE
- Original cataloging agency: NUST
- Transcribing agency: NUST
100 ## - HEADING--PERSONAL NAME
- Personal name: Mahfooz,Maryam
670 ## - SOURCE DATA FOUND
- Source citation: Work cat.: (NUST): Mahfooz,Maryam, Measuring services secor liberalization and its impact on services gdp in pakistan, 2014
